[Event "Dubai (ol)"]
[Site "?"]
[Date "1986.??.??"]
[Round "?"]
[White "Li, Zunian"]
[Black "Gheorghiu, F."]
[Result "0-1"]
[WhiteElo "2450"]
[BlackElo "2555"]
[PlyCount "80"]
[EventDate "1986.??.??"]
[Source "ChessBase"]
[SourceDate "1986.07.01"]

1. d4 Nf6 2. c4 c5 3. d5 d6 4. Nc3 g6 5. e4 Bg7 6. f4 O-O 7. Nf3 e6 8. Be2 exd5 9. e5 Ne4 10. cxd5 Nxc3 11. bxc3 Nd7 12. O-O dxe5 13. fxe5 Nxe5 14. Be3 Nxf3+ 15. Bxf3 Qd6 16. Qd2 Be5 17. h3 b6 18. Bh6 Re8 19. Rae1 Ba6 20. Be2 Bxe2 21. Rxe2 c4 22. Ref2 Re7 23. Kh1 Rae8 24. Bg5 Rd7 25. Re2 Qxd5 26. Qe3 Re6 27. Qc1 f6 28. Bh6 Qc5 29. Qe1 Rde7 30. Rd2 Rd6 31. Qe4 Qc6 32. Qe2 Rxd2 33. Qxd2 Qd7 34. Qf2 Qd3 35. Re1 Kf7 36. Re3 Qd1+ 37. Re1 Bg3 38. Qxf6+ Kxf6 39. Rxd1 Re1+ 40. Rxe1 Bxe1 0-1

[Event "Scottish Centenary CC Tn"]
[Site "?"]
[Date "1989.??.??"]
[Round "?"]
[White "Povah, NE."]
[Black "Bohak, J."]
[Result "1-0"]
[WhiteElo "2605"]
[BlackElo "2360"]
[PlyCount "59"]
[EventDate "1989.??.??"]
[Source "www.chesslib.no"]
[SourceDate "2004.05.04"]

1. d4 Nf6 2. c4 g6 3. Nc3 Bg7 4. e4 d6 5. f4 O-O 6. Be2 c5 7. d5 e6 8. Nf3 exd5 9. e5 Ng4 10. cxd5 dxe5 11. h3 e4 12. hxg4 exf3 13. gxf3 Re8 14. f5 b6 15. fxg6 hxg6 16. Ne4 Bxg4 17. Bg5 f6 18. Bh6 Nd7 19. Qd2 Nf8 20. Bxg7 Kxg7 21. Qh6+ Kf7 22. Qf4 Rxe4 23. Qxe4 Bf5 24. Qf4 b5 25. Kf2 Qd7 26. a4 g5 27. Qe3 c4 28. Qd4 Kg6 29. axb5 Ne6 30. Rh6+ 1-0

[Event "DSV-Turnier"]
[Site "Leipzig"]
[Date "1980.??.??"]
[Round "12"]
[White "Hesse, Peter"]
[Black "Uhlmann, Wolfgang"]
[Result "0-1"]
[WhiteElo "2440"]
[BlackElo "2510"]
[PlyCount "94"]
[EventDate "1980.12.04"]
[Source "ChessBase"]

1. d4 Nf6 2. c4 g6 3. Nc3 Bg7 4. e4 d6 5. Be2 O-O 6. f4 c5 7. d5 e6 8. Nf3 exd5 9. e5 Ng4 10. cxd5 dxe5 11. h3 e4 12. Nxe4 Nf6 13. Nc3 Nbd7 14. O-O Nb6 15. d6 Be6 16. f5 Bxf5 17. Bf4 Ne4 18. Nxe4 Bxe4 19. Qd2 Qd7 20. Rad1 Rae8 21. Rc1 Qc6 22. Rfd1 c4 23. Bg5 Qb5 24. b3 Bxf3 25. Bxf3 c3 26. Qf4 f6 27. Bh6 g5 28. Qd4 Bxh6 29. Rxc3 Qe5 30. Rc7 Qxd4+ 31. Rxd4 f5 32. Bxb7 g4 33. Rd1 Bf4 34. Bc6 Rd8 35. Rxa7 Bxd6 36. Kf1 Bg3 37. Rxd8 Rxd8 38. hxg4 fxg4 39. Ke2 Bf4 40. a4 Rd2+ 41. Ke1 h5 42. a5 Nd5 43. Ra8+ Kf7 44. g3 Be3 45. Re8 Ra2 46. Ra8 Bf2+ 47. Kd1 Nc3+ 0-1

[Event "NBC-30"]
[Site "?"]
[Date "1997.??.??"]
[Round "?"]
[White "Boom, Wim H. (NLD)"]
[Black "Compagnie, Luc G (NLD)"]
[Result "1/2-1/2"]
[WhiteElo "2455"]
[BlackElo "2455"]
[PlyCount "45"]
[EventDate "1997.??.??"]
[Source "www.chesslib.no"]
[SourceDate "2004.05.04"]

1. d4 Nf6 2. c4 g6 3. Nc3 Bg7 4. e4 d6 5. f4 O-O 6. Be2 c5 7. d5 e6 8. Nf3 exd5 9. e5 Ne4 10. Nxd5 Nc6 11. Qc2 f5 12. O-O dxe5 13. fxe5 Nxe5 14. Bf4 Nc6 15. Rad1 Nd4 16. Nxd4 Bxd4+ 17. Kh1 Qh4 18. g3 Qh3 19. Bf3 g5 20. Ne7+ Kg7 21. Bg2 Qh5 22. Bxe4 gxf4 23. Bf3 1/2-1/2

[Event "Albena"]
[Site "Albena"]
[Date "1985.??.??"]
[Round "?"]
[White "Kouatly, Bachar"]
[Black "Georgiev, Krum I"]
[Result "1-0"]
[WhiteElo "2460"]
[BlackElo "2445"]
[PlyCount "53"]
[EventDate "1985.09.02"]
[Source "www.chesslib.no"]
[SourceDate "2004.05.04"]

1. d4 Nf6 2. c4 g6 3. Nc3 Bg7 4. e4 O-O 5. f4 d6 6. Nf3 c5 7. d5 e6 8. Be2 exd5 9. e5 Ng4 10. cxd5 dxe5 11. h3 e4 12. hxg4 exf3 13. gxf3 Re8 14. f5 Nd7 15. Bh6 Ne5 16. Kf2 gxf5 17. Qd2 Qb6 18. Bxg7 c4+ 19. Kf1 Kxg7 20. d6 f4 21. Qxf4 Qxd6 22. Ne4 Qg6 23. Nf6 Re6 24. Rxh7+ Kf8 25. Rh8+ Ke7 26. Re8+ Kd6 27. Rd1+ 1-0

[Event "Malaga"]
[Site "Malaga"]
[Date "1981.??.??"]
[Round "8"]
[White "Calvo Minguez, Ricardo"]
[Black "Diez del Corral, Jesus"]
[Result "1-0"]
[WhiteElo "2410"]
[BlackElo "2480"]
[PlyCount "115"]
[EventDate "1981.04.??"]
[Source "ChessBase"]

1. d4 Nf6 2. c4 g6 3. Nc3 Bg7 4. e4 d6 5. f4 c5 6. d5 O-O 7. Be2 e6 8. Nf3 exd5 9. e5 Ne4 10. cxd5 Nxc3 11. bxc3 Nd7 12. O-O dxe5 13. Ng5 h6 14. Ne4 f5 15. Nd6 e4 16. Rb1 Nb6 17. Nxc8 Rxc8 18. c4 Bd4+ 19. Kh1 Rc7 20. Rb3 Nc8 21. Rh3 Rh7 22. Qa4 a6 23. Bd2 Nd6 24. Rb1 Qe7 25. Rb6 e3 26. Be1 g5 27. fxg5 hxg5 28. Rxh7 Kxh7 29. Qb3 Rf6 30. Kg1 Kg7 31. a4 Rh6 32. a5 Be5 33. Bc3 Bxc3 34. Qxc3+ Kf7 35. Rb3 Rh4 36. g3 Rd4 37. Qxe3 Re4 38. Bh5+ Kg8 39. Qd3 g4 40. h3 Re1+ 41. Kf2 gxh3 42. Bf3 Ra1 43. Qc3 Ra2+ 44. Rb2 Rxb2+ 45. Qxb2 Nxc4 46. Qc1 Ne5 47. d6 Qf6 48. Qd1 Nxf3 49. Kxf3 Qf7 50. Kf4 Qd7 51. Qb3+ Kg7 52. Qc3+ Kg6 53. g4 Qa4+ 54. Ke3 Qd4+ 55. Qxd4 cxd4+ 56. Kf2 h2 57. Kg2 Kf7 58. g5 1-0

[Event "Lloyds Bank Open"]
[Site "London ENG"]
[Date "1994.??.??"]
[Round "9"]
[White "Povah, Nigel E"]
[Black "Howell, James C"]
[Result "0-1"]
[WhiteElo "2370"]
[BlackElo "2495"]
[PlyCount "74"]
[EventDate "1994.08.??"]
[Source "www.chesslib.no"]
[SourceDate "2004.05.04"]

1. d4 Nf6 2. c4 g6 3. Nc3 Bg7 4. e4 d6 5. f4 c5 6. d5 O-O 7. Nf3 e6 8. Be2 exd5 9. e5 Ne4 10. Nxd5 Nc6 11. Qc2 f5 12. exd6 Qxd6 13. O-O Be6 14. Qb3 Bxd5 15. cxd5 Nd4 16. Nxd4 Bxd4+ 17. Kh1 Nf2+ 18. Kg1 Rae8 19. Bc4 Kh8 20. Qxb7 Qf6 21. g3 Ne4+ 22. Kh1 Nd6 23. Qa6 Qe7 24. Bd3 c4 25. Qa4 Bg7 26. Bb1 Qe2 27. Qd1 Qxd1 28. Rxd1 Re2 29. a4 Rfe8 30. Bd2 Bxb2 31. Ra2 c3 32. Rxb2 cxd2 33. Bc2 Nc4 34. Rbb1 Re1+ 35. Kg2 Ne3+ 36. Kh3 Nxc2 37. d6 Rd8 0-1

[Event "NOR-ch"]
[Site "Roros"]
[Date "2002.07.09"]
[Round "5"]
[White "Fyllingen, Roy Harald"]
[Black "Djurhuus, Rune"]
[Result "0-1"]
[WhiteElo "2378"]
[BlackElo "2480"]
[PlyCount "46"]
[EventDate "2002.07.06"]
[Source "ChessBase"]
[SourceDate "2002.09.11"]

1. d4 Nf6 2. c4 g6 3. Nc3 Bg7 4. e4 d6 5. f4 O-O 6. Nf3 c5 7. d5 e6 8. Be2 exd5 9. e5 Ne4 10. cxd5 Nxc3 11. bxc3 Nd7 12. e6 fxe6 13. dxe6 Nb6 14. O-O Bxe6 15. Ng5 Bd5 16. c4 Bd4+ 17. Kh1 Nxc4 18. Rb1 Nb6 19. Qc2 Qe7 20. Bb2 Bxb2 21. Rxb2 Qe3 22. Qd1 Rxf4 23. Rxb6 Rd4 0-1

[Event "CXEB"]
[Site "?"]
[Date "1998.11.16"]
[Round "?"]
[White "Rain Ricardo Ernesto (BR"]
[Black "Ruch Eric (FRA)"]
[Result "1-0"]
[WhiteElo "2420"]
[BlackElo "2432"]
[PlyCount "81"]
[EventDate "1998.??.??"]
[Source "www.chesslib.no"]
[SourceDate "2004.05.04"]

1. d4 Nf6 2. c4 g6 3. Nc3 Bg7 4. e4 d6 5. f4 O-O 6. Nf3 c5 7. d5 e6 8. Be2 exd5 9. e5 Ne4 10. cxd5 Nxc3 11. bxc3 Nd7 12. e6 Bxc3+ 13. Bd2 Bxd2+ 14. Qxd2 fxe6 15. Ng5 Nb6 16. dxe6 Bxe6 17. O-O Bf5 18. g4 Bc8 19. Rac1 Qe7 20. Bf3 Rb8 21. a4 Bd7 22. a5 Na8 23. Bd5+ Kh8 24. f5 gxf5 25. Rf3 Nc7 26. Re1 Qg7 27. Rh3 Rbe8 28. Rxh7+ Qxh7 29. Nxh7 Kxh7 30. Rxe8 Rxe8 31. Bc4 d5 32. Bxd5 Re7 33. gxf5 Nxd5 34. Qxd5 Bc6 35. Qxc5 Rg7+ 36. Kf2 Rf7 37. a6 Be8 38. Qe3 Rxf5+ 39. Kg3 Bc6 40. axb7 Bxb7 41. Qe7+ 1-0

[Event "Bad Woerishofen Open"]
[Site "Bad Woerishofen GER"]
[Date "1992.??.??"]
[Round "7"]
[White "Wesseln, Kai"]
[Black "Vogt, Lothar H"]
[Result "0-1"]
[WhiteElo "2330"]
[BlackElo "2515"]
[PlyCount "34"]
[EventDate "1992.03.??"]
[Source "www.chesslib.no"]
[SourceDate "2004.05.04"]

1. d4 Nf6 2. c4 g6 3. Nc3 Bg7 4. e4 d6 5. f4 O-O 6. Nf3 c5 7. d5 e6 8. Be2 exd5 9. e5 Ne4 10. Nxd5 Nc6 11. Qc2 f5 12. O-O dxe5 13. fxe5 Nxe5 14. Bf4 Nc6 15. Rad1 g5 16. Nc7 Nd4 17. Nxg5 Qxc7 0-1

[Event "Esbjerg  YB/4"]
[Site "?"]
[Date "1985.??.??"]
[Round "1"]
[White "Fries"]
[Black "Nielsen, JO-Mortensen"]
[Result "1-0"]
[WhiteElo "2395"]
[BlackElo "2450"]
[PlyCount "57"]
[EventDate "1985.??.??"]
[Source "www.chesslib.no"]
[SourceDate "2004.05.04"]

1. d4 Nf6 2. c4 g6 3. Nc3 Bg7 4. e4 d6 5. f4 c5 6. d5 O-O 7. Nf3 e6 8. Be2 exd5 9. e5 Ng4 10. cxd5 dxe5 11. h3 e4 12. hxg4 exf3 13. gxf3 Re8 14. f5 b6 15. fxg6 fxg6 16. Kf1 Ba6 17. Ne4 Qd7 18. Kg2 Bxe2 19. Qxe2 Na6 20. Bh6 Nb4 21. Bxg7 Kxg7 22. d6 Qxd6 23. Qc4 Qe7 24. Rae1 Rad8 25. Rxh7+ Kxh7 26. Ng5+ Kh6 27. Rxe7 Rd2+ 28. Kg3 Rxe7 29. Qf4 1-0

[Event "Passau Open"]
[Site "Passau"]
[Date "1994.??.??"]
[Round "?"]
[White "Riedel, Wolfgang"]
[Black "Timoscenko, Genadij A"]
[Result "1-0"]
[WhiteElo "2325"]
[BlackElo "2520"]
[PlyCount "109"]
[EventDate "1994.??.??"]
[Source "www.chesslib.no"]
[SourceDate "2004.05.04"]

1. d4 Nf6 2. c4 g6 3. Nc3 Bg7 4. e4 d6 5. f4 O-O 6. Nf3 c5 7. d5 e6 8. Be2 exd5 9. e5 dxe5 10. fxe5 Ng4 11. Bg5 f6 12. exf6 Bxf6 13. Bxf6 Rxf6 14. Qxd5+ Qxd5 15. Nxd5 Rc6 16. h3 Nh6 17. Ne7+ Kg7 18. Nxc6 Nxc6 19. g4 Nf7 20. O-O-O Be6 21. Rhe1 Rf8 22. b3 Bc8 23. Bd3 Ncd8 24. Be4 Ne6 25. Bd5 Nfd8 26. Bxe6 Nxe6 27. Re3 h5 28. Rd6 hxg4 29. hxg4 g5 30. Rd5 Kh6 31. Rf5 Rxf5 32. gxf5 Nf4 33. f6 g4 34. Ne5 Bf5 35. Kd2 Ne6 36. Ke1 Kg5 37. f7 Kf6 38. Nxg4+ Bxg4 39. Rxe6+ Kxf7 40. Re5 b6 41. Kd2 Be6 42. Rh5 Ke8 43. Ke3 Kd8 44. Rh7 Bd7 45. Kf4 Kc7 46. Ke5 Kc6 47. Rg7 a5 48. Rxd7 Kxd7 49. Kd5 Kc7 50. Ke6 Kc6 51. a4 Kc7 52. Ke7 Kc6 53. Kd8 Kb7 54. Kd7 Ka8 55. Kc6 1-0

[Event "Ed.Lasker mem"]
[Site "New York"]
[Date "1981.??.??"]
[Round "6"]
[White "Tisdall, Jonathan D"]
[Black "Watson, John L"]
[Result "1-0"]
[WhiteElo "2410"]
[BlackElo "2430"]
[PlyCount "59"]
[EventDate "1981.04.??"]
[Source "ChessBase"]

1. d4 Nf6 2. c4 g6 3. Nc3 Bg7 4. e4 d6 5. f4 O-O 6. Nf3 c5 7. d5 e6 8. Be2 exd5 9. e5 Ne8 10. cxd5 Bg4 11. Ng5 Bxe2 12. Qxe2 Nc7 13. O-O Nba6 14. Qf3 f6 15. exf6 Bxf6 16. Nce4 Bd4+ 17. Be3 Bxe3+ 18. Qxe3 Qd7 19. f5 gxf5 20. Qg3 Kh8 21. Nxd6 f4 22. Qh4 Nxd5 23. Rad1 Nac7 24. Qh5 Kg8 25. Nb5 Rac8 26. Rfe1 Rf5 27. Nd6 Rcf8 28. Nxf5 Rxf5 29. Qg4 Kh8 30. Re5 1-0

[Event "FIN Ch"]
[Site "Pori"]
[Date "1986.??.??"]
[Round "?"]
[White "Yrjola, Jouni"]
[Black "Westerinen, Heikki M J"]
[Result "0-1"]
[WhiteElo "2440"]
[BlackElo "2390"]
[PlyCount "70"]
[EventDate "1986.??.??"]
[Source "www.chesslib.no"]
[SourceDate "2004.05.04"]

1. d4 Nf6 2. c4 g6 3. Nc3 Bg7 4. e4 d6 5. f4 O-O 6. Nf3 c5 7. d5 e6 8. Be2 exd5 9. e5 Nfd7 10. cxd5 dxe5 11. O-O a6 12. a4 b6 13. Kh1 Bb7 14. Qb3 Qc7 15. Ng5 e4 16. f5 Nf6 17. fxg6 hxg6 18. Bc4 Qd7 19. Ngxe4 Nxe4 20. Nxe4 b5 21. axb5 axb5 22. Bxb5 Qxd5 23. Qxd5 Bxd5 24. Rxa8 Bxa8 25. Nxc5 Nc6 26. b3 Rc8 27. Nd7 Na5 28. b4 Rc2 29. Re1 Bc3 30. Re8+ Kg7 31. Be3 Bxg2+ 32. Kg1 Bxb4 33. Bd4+ Kh6 34. Bf6 Kh5 35. Ne5 Bc5# 0-1

[Event "Havana2"]
[Site "?"]
[Date "1986.??.??"]
[Round "?"]
[White "Bellon Lopez Juan Manuel"]
[Black "Otero Evelio"]
[Result "1-0"]
[WhiteElo "2430"]
[BlackElo "2390"]
[PlyCount "61"]
[EventDate "1986.??.??"]
[Source "www.chesslib.no"]
[SourceDate "2004.05.04"]

1. d4 Nf6 2. c4 c5 3. d5 g6 4. Nc3 Bg7 5. e4 d6 6. f4 O-O 7. Nf3 e6 8. Be2 exd5 9. e5 Nfd7 10. cxd5 dxe5 11. O-O exf4 12. Bxf4 Nf6 13. Qd2 Bf5 14. Rae1 Ne4 15. Nxe4 Bxe4 16. Bc4 Bxf3 17. Rxf3 Nd7 18. Bg5 f6 19. d6+ Kh8 20. Bh4 g5 21. Bg3 f5 22. Re7 f4 23. Bf2 Bf6 24. Be6 Bxe7 25. dxe7 Qxe7 26. Bxd7 Rfd8 27. Rd3 b6 28. Rd5 a5 29. Qc3+ Qg7 30. Be1 h6 31. Rd6 1-0

[Event "Montpellier zt"]
[Site "Montpellier"]
[Date "1985.??.??"]
[Round "?"]
[White "Kouatly, Bachar"]
[Black "Jadoul, Michel"]
[Result "1-0"]
[WhiteElo "2460"]
[BlackElo "2320"]
[PlyCount "53"]
[EventDate "1985.??.??"]
[Source "www.chesslib.no"]
[SourceDate "2004.05.04"]

1. d4 Nf6 2. c4 g6 3. Nc3 Bg7 4. e4 d6 5. f4 c5 6. d5 O-O 7. Nf3 e6 8. Be2 exd5 9. e5 Ng4 10. cxd5 dxe5 11. h3 e4 12. hxg4 exf3 13. gxf3 Re8 14. f5 Nd7 15. Bh6 Bxh6 16. Rxh6 Qg5 17. Qd2 Qxd2+ 18. Kxd2 gxf5 19. gxf5 Kg7 20. Rd6 Nb6 21. Rg1+ Kf8 22. Rg5 Bd7 23. Rh6 Re5 24. Bd3 Nxd5 25. Rxh7 Rd8 26. Rh8+ Ke7 27. f6+ 1-0

[Event "Varna"]
[Site "Varna BUL"]
[Date "1982.??.??"]
[Round "6"]
[White "Semkov, Semko"]
[Black "Grigorov, Jordan N"]
[Result "0-1"]
[WhiteElo "2395"]
[BlackElo "2360"]
[PlyCount "84"]
[EventDate "1982.05.??"]
[Source "www.chesslib.no"]
[SourceDate "2004.05.04"]

1. d4 Nf6 2. c4 c5 3. d5 g6 4. Nc3 Bg7 5. e4 O-O 6. f4 d6 7. Nf3 e6 8. Be2 exd5 9. e5 Nfd7 10. cxd5 dxe5 11. O-O Na6 12. Be3 Re8 13. Qd2 e4 14. Ng5 Nf6 15. f5 Bxf5 16. g4 Nxg4 17. Bxg4 Bxg4 18. Rxf7 h6 19. Ncxe4 hxg5 20. Rxg7+ Kxg7 21. Qc3+ Kf7 22. Bxg5 Rxe4 23. Rf1+ Bf5 24. Bxd8 Rxd8 25. Rd1 Rg4+ 26. Kf2 Rh4 27. Kg1 Rdh8 28. Rd2 Rg4+ 29. Rg2 Rxg2+ 30. Kxg2 Be4+ 31. Kg3 Rd8 32. Qe5 Bxd5 33. Qf4+ Kg8 34. Qg5 Rd7 35. Qg4 Bc6 36. Qe6+ Kh7 37. Kf4 Nc7 38. Qh3+ Kg7 39. Qc3+ Rd4+ 40. Ke5 Rd5+ 41. Kf4+ Kf7 42. Qh8 Ne6+ 0-1

[Event "London Aaronson"]
[Site "London"]
[Date "1978.??.??"]
[Round "4"]
[White "Bailey, Richard"]
[Black "Haik, Aldo"]
[Result "0-1"]
[WhiteElo "2325"]
[BlackElo "2425"]
[PlyCount "78"]
[EventDate "1978.03.??"]
[Source "ChessBase"]

1. d4 Nf6 2. c4 g6 3. Nc3 Bg7 4. e4 d6 5. Be2 O-O 6. f4 c5 7. d5 e6 8. Nf3 exd5 9. e5 Ng4 10. cxd5 dxe5 11. h3 e4 12. Nxe4 Re8 13. Nc3 Ne3 14. Bxe3 Rxe3 15. Qd2 Re8 16. O-O a6 17. a4 b6 18. Bc4 Ra7 19. Rae1 Rf8 20. Kh1 Kh8 21. Qf2 Bd7 22. Ne5 Be8 23. Re2 Rb7 24. Ba2 b5 25. axb5 axb5 26. Qxc5 b4 27. Ne4 b3 28. Bb1 Rb5 29. Qd6 Rxd5 30. Qxd8 Rxd8 31. Re3 f6 32. Nf3 Bf7 33. Ned2 Rfe8 34. Rxe8+ Rxe8 35. Nd4 f5 36. N4xb3 Re2 37. Bd3 Re3 38. Bc2 Bd5 39. Nc1 Rxh3+ 0-1

[Event "Vysehrad-B"]
[Site "Prague CZE"]
[Date "1990.??.??"]
[Round "3"]
[White "Hausner, Ivan"]
[Black "Riedel, Wolfgang"]
[Result "1/2-1/2"]
[WhiteElo "2440"]
[BlackElo "2305"]
[PlyCount "91"]
[EventDate "1990.??.??"]
[Source "www.chesslib.no"]
[SourceDate "2004.05.04"]

1. d4 Nf6 2. c4 g6 3. Nc3 Bg7 4. e4 d6 5. f4 O-O 6. Nf3 c5 7. d5 e6 8. Be2 exd5 9. e5 dxe5 10. fxe5 Ng4 11. Bg5 Qa5 12. cxd5 Nxe5 13. O-O Nbd7 14. Be7 Re8 15. d6 Nxf3+ 16. Bxf3 Ne5 17. Bd5 Bf5 18. Qd2 c4 19. Rxf5 gxf5 20. Rf1 Rxe7 21. dxe7 Qc5+ 22. Qf2 Qxf2+ 23. Rxf2 Re8 24. Rxf5 Rxe7 25. h3 Nd3 26. Ne4 Nxb2 27. Ng5 Re5 28. Rxe5 Bxe5 29. Nxf7 Bd4+ 30. Kf1 c3 31. Bb3 Kf8 32. Nd6 Nd3 33. Ke2 Nb4 34. Kd1 Bb6 35. Ne4 c2+ 36. Bxc2 Nxa2 37. Nd6 h6 38. g4 a5 39. Kd2 Nb4 40. Be4 a4 41. Nc4 Bd4 42. Bxb7 Ke7 43. Na3 Bb2 44. Nc2 Na2 45. h4 a3 46. g5 1/2-1/2

[Event "Velden op"]
[Site "?"]
[Date "1996.??.??"]
[Round "1"]
[White "Kock Hans Uwe"]
[Black "Stanec Nikolaus"]
[Result "0-1"]
[WhiteElo "2235"]
[BlackElo "2505"]
[PlyCount "75"]
[EventDate "1996.??.??"]
[Source "www.chesslib.no"]
[SourceDate "2004.05.04"]

1. d4 Nf6 2. c4 c5 3. d5 g6 4. Nc3 Bg7 5. e4 d6 6. f4 O-O 7. Be2 e6 8. Nf3 exd5 9. e5 Ne8 10. cxd5 Nd7 11. e6 fxe6 12. dxe6 Nb6 13. a4 Bxe6 14. a5 Nc8 15. Ng5 Qd7 16. O-O Nc7 17. Nxe6 Qxe6 18. Bg4 Qf7 19. Ne4 Bd4+ 20. Kh1 d5 21. Bxc8 dxe4 22. Bxb7 Rae8 23. Qe2 Nd5 24. Bxd5 Qxd5 25. Be3 Rb8 26. Rad1 Rb4 27. Rfe1 Re8 28. Rd2 Qb3 29. Qf2 Qa4 30. h4 Qxa5 31. Red1 Qb6 32. h5 Qf6 33. hxg6 hxg6 34. g3 Qe6 35. Kg2 Qg4 36. Rxd4 cxd4 37. Rxd4 Rb3 38. Rd2 0-1

[Event "CXEB"]
[Site "?"]
[Date "1999.09.20"]
[Round "?"]
[White "Rain Ricardo Ernesto (BR"]
[Black "Nicolau Luiz Fernando (BRA)"]
[Result "0-1"]
[WhiteElo "2369"]
[BlackElo "2358"]
[PlyCount "88"]
[EventDate "1999.??.??"]
[Source "www.chesslib.no"]
[SourceDate "2004.05.04"]

1. d4 Nf6 2. c4 g6 3. Nc3 Bg7 4. e4 d6 5. f4 c5 6. d5 O-O 7. Nf3 e6 8. Be2 exd5 9. e5 dxe5 10. fxe5 Ng4 11. Bg5 Qa5 12. cxd5 Nxe5 13. O-O Nxf3+ 14. Rxf3 Bf5 15. Qb3 Nd7 16. Rd1 c4 17. Bxc4 Bg4 18. Qb5 Qb6+ 19. Qxb6 Nxb6 20. Bb3 a5 21. Be3 Bxf3 22. gxf3 Nd7 23. d6 Bxc3 24. bxc3 Rac8 25. c4 Rfd8 26. Rd5 b6 27. Kf2 Rc6 28. Bd4 Nc5 29. Bxc5 Rxc5 30. Rd4 b5 31. d7 a4 32. Bd1 Rc7 33. cxb5 Rcxd7 34. Rxd7 Rxd7 35. Bxa4 Rd2+ 36. Kg3 Rxa2 37. Bb3 Rb2 38. Bc4 Kg7 39. h4 Kf6 40. f4 Rb4 41. Be2 Rb3+ 42. Kg2 Kf5 43. Bc4 Rb4 44. Bxf7 Rxb5 0-1

[Event "NED Ch"]
[Site "Hilversum NED"]
[Date "1985.??.??"]
[Round "11"]
[White "Welling, Gerard"]
[Black "Hartoch, Robert G"]
[Result "1/2-1/2"]
[WhiteElo "2350"]
[BlackElo "2360"]
[PlyCount "79"]
[EventDate "1985.??.??"]
[Source "www.chesslib.no"]
[SourceDate "2004.05.04"]

1. d4 g6 2. c4 c5 3. d5 Bg7 4. Nc3 Nf6 5. e4 d6 6. Be2 O-O 7. f4 e6 8. Nf3 exd5 9. e5 Nfd7 10. cxd5 dxe5 11. O-O e4 12. Nxe4 Nf6 13. Nxf6+ Qxf6 14. Be3 b6 15. Ne5 Nd7 16. Nc6 Re8 17. Bc1 Bb7 18. a4 Nb8 19. Ne5 Qd6 20. Bf3 Nd7 21. Nc4 Qf6 22. Ra2 Rad8 23. b3 Qd4+ 24. Kh1 Nf6 25. Rd2 Qxf4 26. Rd3 Qh4 27. g3 Qh3 28. Bg5 Qf5 29. Bxf6 Qxf6 30. d6 Bxf3+ 31. Rdxf3 Qd4 32. Qxd4 cxd4 33. Rxf7 Rf8 34. Rxf8+ Bxf8 35. Rd1 Bxd6 36. Rxd4 Bc7 37. Rxd8+ Bxd8 38. Kg2 Bc7 39. Kf3 Kf7 40. Ke4 1/2-1/2

[Event "Casino Open"]
[Site "Baden SUI"]
[Date "1999.04.08"]
[Round "7"]
[White "Karl, H."]
[Black "Pikula, D."]
[Result "0-1"]
[WhiteElo "2242"]
[BlackElo "2454"]
[PlyCount "70"]
[EventDate "1999.??.??"]
[Source "www.chesslib.no"]
[SourceDate "2004.05.04"]

1. d4 Nf6 2. c4 g6 3. Nc3 Bg7 4. e4 d6 5. f4 O-O 6. Nf3 c5 7. d5 e6 8. Be2 exd5 9. e5 dxe5 10. fxe5 Ng4 11. Bg5 Qa5 12. cxd5 Nxe5 13. O-O Nbd7 14. Be7 Nxf3+ 15. Bxf3 Ne5 16. d6 c4 17. Nd5 Bf5 18. Kh1 Nd3 19. b4 Nxb4 20. Nf6+ Kh8 21. Qd4 Nc2 22. Qh4 h6 23. Be4 Bxe4 24. Qxe4 Nxa1 25. Rxa1 Qc3 26. Rf1 Qd3 27. Qf4 c3 28. h4 c2 29. Ng4 f5 30. Ne5 Bxe5 31. Qxe5+ Kh7 32. Re1 Rf7 33. Qe6 Rg7 34. h5 gxh5 35. Bf6 Rag8 0-1

[Event "Santa Clara CUB"]
[Site "Santa Clara CUB"]
[Date "1984.??.??"]
[Round "?"]
[White "Huergo Jose Ramon"]
[Black "Nogueiras, Jesus"]
[Result "1/2-1/2"]
[WhiteElo "2225"]
[BlackElo "2470"]
[PlyCount "72"]
[EventDate "1984.??.??"]
[Source "www.chesslib.no"]
[SourceDate "2004.05.04"]

1. d4 Nf6 2. c4 g6 3. Nc3 Bg7 4. e4 O-O 5. f4 d6 6. Nf3 c5 7. d5 e6 8. Be2 exd5 9. e5 Ng4 10. cxd5 dxe5 11. h3 e4 12. hxg4 exf3 13. gxf3 Re8 14. f5 b6 15. fxg6 hxg6 16. Kf1 Ba6 17. Ne4 Bxe2+ 18. Qxe2 Nd7 19. Qh2 Nf8 20. Bh6 Be5 21. Qd2 Qd7 22. Bg5 f5 23. Nf6+ Bxf6 24. Bxf6 Qd6 25. g5 Qg3 26. Qc3 Qf4 27. Kf2 Re4 28. Rh8+ Kf7 29. Rah1 Rae8 30. R1h7+ Nxh7 31. Rxh7+ Kg8 32. Rg7+ Kh8 33. Rxg6+ Kh7 34. Rh6+ Kg8 35. Rh8+ Kf7 36. Rh7+ Kg8 1/2-1/2

[Event "Chicago Open"]
[Site "Chicago, IL USA"]
[Date "1996.??.??"]
[Round "?"]
[White "Remlinger, Larry"]
[Black "Adelman, Charles D"]
[Result "1/2-1/2"]
[WhiteElo "2420"]
[BlackElo "2275"]
[PlyCount "46"]
[EventDate "1996.??.??"]
[Source "www.chesslib.no"]
[SourceDate "2004.05.04"]

1. d4 Nf6 2. c4 c5 3. d5 e6 4. Nc3 exd5 5. cxd5 d6 6. e4 g6 7. f4 Qe7 8. Bd3 Bg7 9. Nf3 O-O 10. O-O Bg4 11. h3 Bxf3 12. Qxf3 Nbd7 13. Bd2 a6 14. a4 Ne8 15. Rae1 Nc7 16. Nd1 b5 17. Bc3 bxa4 18. Bxg7 Kxg7 19. Bc2 Nb5 20. Bxa4 Nd4 21. Qc3 Rab8 22. Ne3 f6 23. Nc2 Nxc2 1/2-1/2

[Event "Latvia"]
[Site "?"]
[Date "1968.??.??"]
[Round "?"]
[White "Sakovich Igor"]
[Black "Petkevich Jusefs"]
[Result "1-0"]
[WhiteElo "2246"]
[BlackElo "2436"]
[PlyCount "63"]
[EventDate "1968.??.??"]
[Source "www.chesslib.no"]
[SourceDate "2004.05.04"]

1. d4 Nf6 2. c4 g6 3. Nc3 Bg7 4. e4 d6 5. f4 O-O 6. Nf3 c5 7. d5 e6 8. Be2 exd5 9. e5 dxe5 10. fxe5 Ng4 11. Bg5 Qa5 12. cxd5 c4 13. O-O b5 14. a4 b4 15. Ne4 Qb6+ 16. Kh1 Bf5 17. a5 Qa6 18. Qd4 Rc8 19. b3 Nd7 20. Bf4 f6 21. e6 Nde5 22. Nxf6+ Bxf6 23. Nxe5 Bd3 24. Bxd3 cxd3 25. h3 d2 26. hxg4 Qe2 27. Rad1 g5 28. Qxd2 Qxd2 29. Rxd2 gxf4 30. Nc4 Re8 31. Re2 Kg7 32. Rxf4 1-0

[Event "Kecskemet3"]
[Site "?"]
[Date "1991.??.??"]
[Round "13"]
[White "Junge Ralf"]
[Black "Vasiljevic Dragan"]
[Result "0-1"]
[WhiteElo "2335"]
[BlackElo "2345"]
[PlyCount "50"]
[EventDate "1991.??.??"]
[Source "www.chesslib.no"]
[SourceDate "2004.05.04"]

1. d4 Nf6 2. c4 c5 3. d5 g6 4. Nc3 Bg7 5. e4 O-O 6. f4 d6 7. Nf3 e6 8. Be2 exd5 9. e5 Nfd7 10. cxd5 dxe5 11. O-O e4 12. Nxe4 Nf6 13. Nc3 Na6 14. Ne5 Nb4 15. Bf3 Nd7 16. Be3 Re8 17. Re1 Nxe5 18. fxe5 Rxe5 19. a3 Rxe3 20. Rxe3 Bd4 21. axb4 Bxe3+ 22. Kh1 cxb4 23. Ne4 Bf5 24. d6 Bf4 25. d7 Be5 0-1

[Event "Thessaloniki ol (Men)"]
[Site "Thessaloniki GRE"]
[Date "1984.11.29"]
[Round "10"]
[White "Gamarra Caceres, Carlos"]
[Black "Gunawan, Ronny"]
[Result "0-1"]
[WhiteElo "2215"]
[BlackElo "2460"]
[PlyCount "82"]
[EventDate "1984.11.19"]
[Source "www.chesslib.no"]
[SourceDate "2004.05.04"]

1. d4 Nf6 2. c4 g6 3. Nc3 Bg7 4. e4 d6 5. f4 O-O 6. Nf3 c5 7. d5 e6 8. Be2 exd5 9. e5 dxe5 10. fxe5 Ng4 11. Bg5 Qa5 12. cxd5 Nxe5 13. O-O Nxf3+ 14. Rxf3 Bd4+ 15. Kh1 f6 16. Bh6 Re8 17. Nb5 Qd8 18. d6 Nc6 19. Nc7 Be6 20. Nxe6 Rxe6 21. Bc4 Qd7 22. Qb3 Rae8 23. Re1 Nd8 24. Bxe6+ Rxe6 25. Rxe6 Qxe6 26. Qxe6+ Nxe6 27. Bf4 Kf7 28. Bg3 Ke8 29. Be1 Kd7 30. Bc3 f5 31. Bxd4 cxd4 32. Rb3 b6 33. Ra3 Kxd6 34. Rxa7 d3 35. Ra3 Nf4 36. Ra8 Kc5 37. Rc8+ Kd4 38. Rc1 d2 39. Rf1 Nd3 40. Kg1 Ne1 41. Rf4+ Ke5 0-1